000
00222 a2200097 4500
001
53397
100
_a
Kingsley, Simon
245
_a
Understanding radar systems
260
_a
London
_b
McGraw hill
_c
090
_c
33645
_d
33645
942
_a
NUST-CAE
_c
M
_c
26275
999
_c
288470
_d
288470